[Event "AUTO-ADV-1797"]
[Site "http://www.queenalice.com/game.php?id=789899"]
[Date "2010.6.14"]
[Round "1"]
[White "rdononato"]
[Black "Lopesq"]
[Result "1-0"]
[WhiteElo "1967"]
[BlackElo "1766"]

1. e4 c5 2. Nc3 Nc6 3. g3 e6 4. Bg2 d6 5. d3 Be7 6. Nge2 Bd7 7. a3 Nf6 8. O-O a6
9. h3 Qc8 10. Kh2 b5 11. f4 Nd4 12. e5 Nd5 13. Nxd5 exd5 14. Nxd4 cxd4 15. exd6
Bxd6 16. Qe2+ Be6 17. f5 Bxg3+ 18. Kxg3 O-O 19. fxe6 fxe6 20. Rxf8+ Qxf8 21.
Qxe6+ Kh8 22. Bxd5 Re8 23. Qf7 Qxf7 24. Bxf7 Rf8 25. Bd5 Rf6 26. Be4 Rf1 27. Kg2
Rf6 28. Bg5 Rd6 29. Rf1 g6 30. Bh6 Rd8 31. Rf6 a5 32. Bc6 b4 33. axb4 axb4 34.
Bd5 Re8 35. Rf8+ Rxf8 36. Bxf8 b3 37. cxb3 g5 38. Kg3 g4 39. h4 h5 40. Kf4 Kh7
41. Kg5 g3 42. Bh6 g2 43. Bxg2 Kg8 44. Kg6 Kh8 45. Bg7+ 1-0

[Event "AUTO-ADV-1797"]
[Site "http://www.queenalice.com/game.php?id=789900"]
[Date "2010.6.14"]
[Round "1"]
[White "Lopesq"]
[Black "rdononato"]
[Result "1-0"]
[WhiteElo "1807"]
[BlackElo "1918"]

1. d4 Nf6 2. Nf3 d6 3. c3 b6 4. Bf4 Bb7 5. e3 e6 6. Nbd2 Be7 7. Bb5+ Nbd7 8. O-O
O-O 9. Be2 Nh5 10. Bg3 Nxg3 11. fxg3 Nf6 12. Qc2 Rc8 13. e4 Qd7 14. Bd3 h6 15.
Rae1 c5 16. dxc5 Rxc5 17. Nb3 Rcc8 18. Qb1 e5 19. Nh4 Qc7 20. Nf5 Rcd8 21. Nxe7+
Qxe7 22. Nd2 Nd7 23. Rf2 Rc8 24. Ref1 f6 25. Bc4+ Kh8 26. g4 a6 27. Bd5 Bxd5 28.
exd5 Rfd8 29. Ne4 Rc7 30. Rf3 Rdc8 31. h4 Rc4 32. Nd2 Rxg4 33. h5 Qf7 34. Ne4
Qe7 35. Rh3 Nc5 36. Ng3 b5 37. Nf5 Qa7 38. Kh2 Qc7 39. Qd1 Rg5 40. Ng3 Qd7 41.
Qb1 Qg4 42. Re1 f5 43. Rg1 e4 44. Qd1 Qf4 45. Rf1 Qe5 46. Qd4 Rf8 47. Qxe5 dxe5
48. b4 Nb7 49. Nxe4 Rg4 50. Nf2 Rf4 51. Kg1 Nd6 52. Nd3 Rxf1+ 53. Kxf1 e4 54.
Nf4 Kg8 55. Ng6 Rf7 56. Ke2 Rc7 57. Ne5 Kf8 58. Ng6+ Kf7 59. Nf4 Kf6 60. Rg3 Rd7
61. Rg6+ Ke5 62. g3 Re7 63. Re6+ Rxe6 64. dxe6 Ne8 65. Ke3 Nd6 66. e7 Ne8 67.
Ng6+ Kf6 68. g4 fxg4 69. Kxe4 Kg5 70. Ke5 Kxh5 71. Nf4+ Kg5 72. Ne2 h5 73. Ke6
h4 74. Nd4 h3 75. Kf7 1-0

[Event "AUTO-ADV-1797"]
[Site "http://www.queenalice.com/game.php?id=789901"]
[Date "2010.6.14"]
[Round "1"]
[White "rdononato"]
[Black "KasparovPadawan"]
[Result "0-1"]
[WhiteElo "1990"]
[BlackElo "1857"]

1. Nf3 d5 2. g3 Nf6 3. Bg2 Nc6 4. d3 e6 5. Nbd2 Bd6 6. c3 O-O 7. O-O h6 8. e3 b6
9. h3 Bb7 10. d4 e5 11. Nh2 e4 12. a3 Na5 13. b4 Nc4 14. Nb3 Nh7 15. Nd2 b5 16.
Nxc4 bxc4 17. a4 c6 18. Ng4 a5 19. b5 cxb5 20. axb5 Qd7 21. Qa4 Qc7 22. Ba3 Rfd8
23. Bxd6 Rxd6 24. Ne5 Nf8 25. Rab1 Rb6 26. Rb2 f6 27. Ng4 Qd7 28. Rfb1 Ne6 29.
Nh2 Ng5 30. Qa3 Nxh3+ 31. Kh1 Nxf2+ 32. Rxf2 Rxb5 33. Rbf1 Rb3 34. Qc1 a4 35.
Re1 a3 36. Ra2 Qd6 37. Nf1 Bc8 38. Nd2 Rb7 39. Rf1 Qxg3 40. Re1 Rba7 41. Nf1 Qg5
42. Nh2 f5 43. Rg1 Qh4 44. Bf1 h5 45. Qc2 g5 46. Qb1 Rb7 47. Qc1 Rb3 48. Qd2 Ra7
49. Rg2 Rg7 50. Kg1 f4 51. exf4 Bh3 52. Rxg5 Rxg5+ 53. fxg5 Qg3+ 54. Bg2 Rxc3
55. Nf1 Qxg2+ 56. Qxg2 Bxg2 57. Kxg2 h4 58. Kh2 Rb3 59. Rg2 Rb2 60. Rxb2 axb2
61. Nd2 c3 0-1

[Event "AUTO-ADV-1797"]
[Site "http://www.queenalice.com/game.php?id=789902"]
[Date "2010.6.14"]
[Round "1"]
[White "KasparovPadawan"]
[Black "rdononato"]
[Result "0-1"]
[WhiteElo "1869"]
[BlackElo "1973"]

1. e4 d5 2. exd5 Qxd5 3. Nc3 Qd8 4. Bc4 Nf6 5. h3 b6 6. d4 Bb7 7. Nf3 e6 8. a3
Be7 9. O-O O-O 10. Be3 Nbd7 11. Be2 a6 12. Qd3 Rc8 13. Na2 c5 14. c4 h6 15. Rfd1
Qc7 16. dxc5 Nxc5 17. Qc3 Rfd8 18. Qc2 a5 19. Nd4 Be4 20. Qc1 e5 21. Nb5 Qb7 22.
Rxd8+ Rxd8 23. Qf1 Nd3 24. Nac3 Bg6 25. b3 e4 26. Rd1 Bf5 27. a4 Nd7 28. f3 N7c5
29. Nd5 Bf8 30. fxe4 Bxe4 31. Bxd3 Bxd3 32. Qf3 Be4 33. Qe2 Bg6 34. Nf6+ gxf6
35. Rxd8 Ne6 36. Rd1 Bg7 37. Qd2 Qe4 38. Bxb6 Ng5 39. Bxa5 Bh5 40. Re1 Qg6 41.
Qe3 Nf3+ 42. Kf2 Nxe1 43. Bxe1 f5 44. Qf4 Kh7 45. Nd6 Bd1 46. c5 Bxb3 47. c6
Bxa4 48. c7 Bd7 49. g4 fxg4 50. Qe4 f5 51. Qe7 g3+ 52. Kg2 f4 53. Qe4 Qxe4+ 54.
Nxe4 Be5 55. Ba5 Kg6 56. Nc5 Bc8 57. Nd3 Bb7+ 0-1

[Event "AUTO-MASTER-1237"]
[Site "http://www.queenalice.com/game.php?id=841820"]
[Date "2010.10.4"]
[Round "1"]
[White "rdononato"]
[Black "robinud"]
[Result "1-0"]
[WhiteElo "1985"]
[BlackElo "1761"]

1. e4 e5 2. Nf3 Nc6 3. d4 exd4 4. Nxd4 Nxd4 5. Qxd4 d6 6. Bc4 Nf6 7. Nc3 Be7 8.
O-O c5 9. Qd1 a6 10. a3 b5 11. Ba2 b4 12. axb4 cxb4 13. Ne2 O-O 14. h3 Nxe4 15.
Bd5 Nxf2 16. Rxf2 Rb8 17. Qd3 a5 18. b3 Be6 19. Bb2 Bxd5 20. Qxd5 Ra8 21. Raf1
Qe8 22. Ng3 a4 23. Nf5 Rd8 24. Nxg7 Qd7 25. Rxf7 1-0

[Event "AUTO-MASTER-1237"]
[Site "http://www.queenalice.com/game.php?id=841821"]
[Date "2010.10.4"]
[Round "1"]
[White "robinud"]
[Black "rdononato"]
[Result "0-1"]
[WhiteElo "1695"]
[BlackElo "1969"]

1. e4 c6 2. d4 d5 3. Nc3 dxe4 4. Nxe4 h6 5. Nf3 Bf5 6. Bd3 Bh7 7. Bf4 Nd7 8. O-O
Bxe4 9. Bxe4 Ngf6 10. Re1 e6 11. c3 Nxe4 12. Rxe4 Nf6 13. Re1 Be7 14. Ne5 O-O
15. h3 Nd5 16. Bh2 Nf6 17. a4 Rc8 18. a5 Bd6 19. b4 Nd5 20. Rc1 a6 21. Nxf7 Rxf7
22. Rxe6 Bxh2+ 23. Kf1 Qc7 24. Qe2 Nf4 25. Re8+ Rxe8 26. Qxe8+ Rf8 27. Qe4 Qf7
0-1

[Event "AUTO-MASTER-1237"]
[Site "http://www.queenalice.com/game.php?id=841822"]
[Date "2010.10.4"]
[Round "1"]
[White "rdononato"]
[Black "Bernhardur"]
[Result "0-1"]
[WhiteElo "1975"]
[BlackElo "2324"]

1. Nf3 d5 2. g3 c5 3. Bg2 Nc6 4. d3 Nf6 5. a3 e5 6. O-O Be7 7. Nbd2 O-O 8. c3 h6
9. e3 Be6 10. h3 Qd7 11. Qc2 Bxh3 12. b3 Rac8 13. Bb2 Nh5 14. Qd1 Bg4 15. Rc1 f5
16. Qc2 f4 17. exf4 exf4 18. c4 fxg3 19. fxg3 Nxg3 20. Rf2 d4 21. Re1 Nf5 0-1

[Event "AUTO-MASTER-1237"]
[Site "http://www.queenalice.com/game.php?id=841823"]
[Date "2010.10.4"]
[Round "1"]
[White "Bernhardur"]
[Black "rdononato"]
[Result "1-0"]
[WhiteElo "2318"]
[BlackElo "1944"]

1. e4 c6 2. d4 e6 3. Nf3 Nf6 4. e5 Ng8 5. c4 d6 6. Nc3 d5 7. c5 Ne7 8. Bg5 Qc7
9. Bxe7 Bxe7 10. Bd3 Nd7 11. O-O O-O 12. Qc2 Rb8 13. Bxh7+ Kh8 14. Bd3 Rg8 15.
Qe2 Nf8 16. Nh4 g6 17. Qg4 Bxh4 18. Qxh4+ Kg7 19. Qf6+ Kh7 20. b4 Rg7 21. Nd1
Qd7 22. Ne3 Qe8 23. Ng4 Kg8 24. Nh6+ Kh8 25. Rae1 Nh7 26. Qf4 Qe7 27. Re3 Bd7
28. Ng4 Qg5 29. Qxg5 Nxg5 30. f4 Nh7 31. Rh3 Rd8 32. Nf6 Bc8 33. Rff3 Rdg8 34.
Rh6 1-0

[Event "AUTO-MASTER-1237"]
[Site "http://www.queenalice.com/game.php?id=841824"]
[Date "2010.10.4"]
[Round "1"]
[White "rdononato"]
[Black "Catalin"]
[Result "0-1"]
[WhiteElo "1877"]
[BlackElo "2273"]

1. Nf3 d5 2. g3 e5 3. d3 Bd6 4. Bg2 Nf6 5. c3 O-O 6. O-O e4 7. Ng5 h6 8. Nh3 Nc6
9. d4 Bf5 10. e3 Qd7 11. Nf4 Bxf4 12. exf4 Bh3 13. Re1 a6 14. Bh1 Qg4 15. Qxg4
Nxg4 16. Nd2 Rfe8 17. Nf1 a5 18. Ne3 Nxe3 19. Bxe3 b5 20. a3 Reb8 21. Bg2 Bxg2
22. Kxg2 b4 23. cxb4 axb4 24. a4 Na5 25. Rec1 Nb3 26. Rcb1 Nxa1 27. Rxa1 b3 28.
Bd2 Rc8 29. Bc3 c5 30. dxc5 Rxc5 31. Ra3 Rc4 32. a5 d4 33. Be1 Rc1 34. Bb4 Rc2
35. Rxb3 Rb8 36. a6 e3 0-1

[Event "AUTO-MASTER-1237"]
[Site "http://www.queenalice.com/game.php?id=841825"]
[Date "2010.10.4"]
[Round "1"]
[White "Catalin"]
[Black "rdononato"]
[Result "1-0"]
[WhiteElo "2282"]
[BlackElo "1976"]

1. e4 c6 2. d4 d5 3. e5 Bf5 4. c4 h6 5. Nc3 e6 6. cxd5 cxd5 7. Bb5+ Nd7 8. Qa4
a6 9. Bxd7+ Qxd7 10. Qxd7+ Kxd7 11. Be3 Ne7 12. Nf3 Nc6 13. Na4 Rb8 14. O-O b5
15. Nc3 Be7 16. a4 b4 17. Ne2 a5 18. Ng3 Bh7 19. Rac1 Rhc8 20. Nh5 g5 21. Nd2
Bg6 22. Nf6+ Bxf6 23. exf6 Nd8 24. Nf3 Bc2 25. Ra1 Bd3 26. Ne5+ Ke8 27. Nxd3 1-0

[Event "AUTO-ADV-1925"]
[Site "http://www.queenalice.com/game.php?id=841949"]
[Date "2010.10.5"]
[Round "1"]
[White "afonso092"]
[Black "rdononato"]
[Result "1-0"]
[WhiteElo "1975"]
[BlackElo "1932"]

1. e4 d5 2. exd5 Qxd5 3. Nc3 Qd8 4. d4 Nf6 5. h3 Bf5 6. Bd3 Bxd3 7. Qxd3 c6 8.
Nf3 e6 9. O-O Be7 10. Bg5 Nbd7 11. a3 O-O 12. Rfe1 h6 13. Bh4 Rc8 14. Re2 Qb6
15. Rb1 Qd8 16. Rd1 Nb6 17. Rde1 Nbd5 18. Nxd5 cxd5 19. c3 a6 20. Nh2 Nh5 21.
Bxe7 Qxe7 22. Re5 Nf6 23. f3 Rc4 24. Ng4 Qd8 25. Qe3 Nxg4 26. hxg4 Qb6 27. Re2
Rfc8 28. f4 Qd8 29. Qg3 Qf6 30. g5 Qg6 31. Kh2 h5 32. Rf2 Kf8 33. f5 exf5 34.
Rfxf5 R4c7 35. Rxd5 Re7 36. Rde5 1-0

[Event "AUTO-ADV-1925"]
[Site "http://www.queenalice.com/game.php?id=841950"]
[Date "2010.10.5"]
[Round "1"]
[White "rdononato"]
[Black "afonso092"]
[Result "0-1"]
[WhiteElo "1970"]
[BlackElo "1809"]

1. e4 e5 2. Nf3 d6 3. Bc4 h6 4. d3 Bg4 5. Nbd2 Nf6 6. h3 Bh5 7. a3 Be7 8. O-O
O-O 9. c3 Nc6 10. Qc2 Bg6 11. Kh2 Nd7 12. Ng1 Bg5 13. Ndf3 Bxc1 14. Raxc1 Qf6
15. Qd2 a6 16. Ba2 Nc5 17. b4 Ne6 18. Ne2 Bh5 19. Neg1 Nf4 20. a4 g5 21. g4 Bg6
22. Bb1 Kg7 23. Kg3 h5 24. Qe3 hxg4 25. hxg4 Rh8 26. Bc2 Rh6 27. Nh2 Rah8 28.
Qd2 Rxh2 0-1

[Event "AUTO-ADV-1925"]
[Site "http://www.queenalice.com/game.php?id=841963"]
[Date "2010.10.5"]
[Round "1"]
[White "toin"]
[Black "rdononato"]
[Result "1-0"]
[WhiteElo "1846"]
[BlackElo "1989"]

1. d4 Nf6 2. Nc3 g6 3. Bf4 d6 4. Bg5 Nbd7 5. e3 Bg7 6. h3 c6 7. a3 O-O 8. h4 h6
9. Bf4 Qb6 10. b4 c5 11. Na4 cxb4 12. Nxb6 1-0

[Event "AUTO-ADV-1925"]
[Site "http://www.queenalice.com/game.php?id=841964"]
[Date "2010.10.5"]
[Round "1"]
[White "rdononato"]
[Black "toin"]
[Result "1-0"]
[WhiteElo "1974"]
[BlackElo "1613"]

1. e4 d5 2. exd5 Qxd5 3. d4 Bf5 4. c4 Qd8 5. Nf3 Bg4 6. Be2 c6 7. h3 Bh5 8. Nc3
e6 9. Bf4 h6 10. a3 Nd7 11. Qc2 Ndf6 12. Rd1 Bd6 13. Be3 Ne7 14. O-O Bb8 15. Ne5
g5 16. Bxh5 Nxh5 17. Ne4 Qc7 18. Qe2 Ng7 19. Nf6+ 1-0

[Event "AUTO-ADV-1925"]
[Site "http://www.queenalice.com/game.php?id=841971"]
[Date "2010.10.5"]
[Round "1"]
[White "Spessatto"]
[Black "rdononato"]
[Result "1-0"]
[WhiteElo "1878"]
[BlackElo "1898"]

1. d4 Nf6 2. Nf3 g6 3. h3 Bg7 4. Bf4 d6 5. e3 c6 6. Nbd2 Nbd7 7. Bd3 O-O 8. O-O
Re8 9. Bh2 e5 10. dxe5 dxe5 11. Ne4 Qc7 12. Nxf6+ Nxf6 13. Bc4 Bd7 14. c3 h6 15.
Qc2 Rad8 16. Qxg6 Be6 17. Bxe6 Rxe6 18. Qf5 Nd5 19. Rad1 Ne7 20. Qe4 Ng6 21. Rd3
Rxd3 22. Qxd3 Qa5 23. Qd7 Qb5 24. b3 Qa6 25. Nd2 Qxa2 26. b4 Bf8 27. Ne4 Qc2 28.
Nc5 Bxc5 29. bxc5 Qxc3 30. Qxb7 Qxc5 31. Qb8+ Kg7 32. Kh1 a5 33. Rb1 Qd5 34. Qb2
c5 35. f4 Nh4 36. Re1 1-0

[Event "AUTO-ADV-1925"]
[Site "http://www.queenalice.com/game.php?id=841972"]
[Date "2010.10.5"]
[Round "1"]
[White "rdononato"]
[Black "Spessatto"]
[Result "1/2-1/2"]
[WhiteElo "1942"]
[BlackElo "1964"]

1. e4 e5 2. Nf3 Nc6 3. d4 exd4 4. Nxd4 Bc5 5. Nxc6 dxc6 6. Qxd8+ Kxd8 7. Bc4 Ke7
8. Bf4 Bd6 9. Bg3 Bxg3 10. hxg3 Be6 11. Bd3 Nf6 12. Nd2 Rad8 13. f3 h5 14. Rd1
g6 15. Ke2 c5 16. Nc4 b5 17. Ne5 c4 18. Nc6+ Ke8 19. Nxd8 cxd3+ 20. Rxd3 Bc4 21.
Nc6 a6 22. Ne5 Bxd3+ 23. Nxd3 Ke7 24. Nb4 Ra8 25. Rd1 Nd7 26. a3 Ne5 27. Nd5+
Kf8 28. b3 c6 29. Nc3 Ke7 30. Rd2 a5 31. Nd1 b4 1/2-1/2

[Event "AUTO-OPEN-1517"]
[Site "http://www.queenalice.com/game.php?id=842725"]
[Date "2010.10.7"]
[Round "3"]
[White "majersesc"]
[Black "rdononato"]
[Result "1-0"]
[WhiteElo "2343"]
[BlackElo "1881"]

1. d4 Nf6 2. g3 g6 3. Bg2 Bg7 4. e4 d6 5. Ne2 c6 6. O-O O-O 7. Nbc3 Nbd7 8. h3
Re8 9. Bg5 h6 10. Be3 a6 11. Qd2 Kh7 12. f4 Qc7 13. Rae1 Nf8 14. g4 Qa5 15. a3
Bd7 16. e5 dxe5 17. fxe5 Nd5 18. Nxd5 Qxd2 19. Bxd2 cxd5 20. Bxd5 1-0

[Event "AUTO-OPEN-1517"]
[Site "http://www.queenalice.com/game.php?id=842726"]
[Date "2010.10.7"]
[Round "3"]
[White "rdononato"]
[Black "majersesc"]
[Result "0-1"]
[WhiteElo "1879"]
[BlackElo "2344"]

1. Nf3 Nf6 2. g3 g6 3. Bg2 Bg7 4. d3 O-O 5. O-O c5 6. c3 d5 7. Nbd2 Nc6 8. a3 e5
9. e4 Qc7 10. h3 Rd8 11. Qc2 b6 12. exd5 Nxd5 13. Ne4 f5 14. Ned2 Kh8 15. Re1
Bb7 16. b3 Nxc3 17. Qxc3 e4 18. d4 exf3 19. Nxf3 Nxd4 0-1

[Event "AUTO-MASTER-1145"]
[Site "http://www.queenalice.com/game.php?id=859968"]
[Date "2010.11.17"]
[Round "2"]
[White "pedrolopez"]
[Black "rdononato"]
[Result "1-0"]
[WhiteElo "2438"]
[BlackElo "1946"]

1. e4 d5 2. exd5 Qxd5 3. Nc3 Qd8 4. d4 Nf6 5. Nf3 Bg4 6. h3 Bh5 7. g4 Bg6 8. Ne5
e6 9. Bg2 c6 10. O-O Be7 11. h4 h5 12. Nxg6 fxg6 13. g5 Nd5 14. Qd3 Kf7 15. Re1
Re8 16. Be4 Rf8 17. Nxd5 cxd5 18. Bxg6+ Kg8 19. Qe2 Nc6 20. Qxh5 1-0

[Event "AUTO-MASTER-1145"]
[Site "http://www.queenalice.com/game.php?id=859969"]
[Date "2010.11.17"]
[Round "2"]
[White "rdononato"]
[Black "pedrolopez"]
[Result "0-1"]
[WhiteElo "1948"]
[BlackElo "2430"]

1. e4 e6 2. d4 d5 3. Nc3 Nf6 4. e5 Nfd7 5. Nf3 c5 6. Bb5 Nc6 7. Bxc6 bxc6 8. a3
Ba6 9. Be3 Rb8 10. Rb1 cxd4 11. Bxd4 c5 12. Be3 d4 13. Bxd4 cxd4 14. Qxd4 Bc5
15. Qg4 O-O 16. b4 Nxe5 17. Nxe5 Bd4 18. Nc6 Bxc3# 0-1

[Event "AUTO-MASTER-1145"]
[Site "http://www.queenalice.com/game.php?id=859972"]
[Date "2010.11.17"]
[Round "2"]
[White "rdononato"]
[Black "BEBADO"]
[Result "0-1"]
[WhiteElo "1937"]
[BlackElo "2209"]

1. e4 e6 2. d4 d5 3. Nc3 Bb4 4. e5 c5 5. a3 Bxc3+ 6. bxc3 Ne7 7. Nf3 Qc7 8. Bd2
Nbc6 9. Bb5 Bd7 10. Bxc6 Bxc6 11. O-O cxd4 12. cxd4 Ba4 13. Rc1 Rc8 14. Bb4 O-O
15. Qd2 Rfe8 16. c3 Nf5 17. h3 a5 18. g4 axb4 19. cxb4 Qe7 20. gxf5 exf5 21. Kh2
f6 22. exf6 Qxf6 0-1

[Event "AUTO-MASTER-1145"]
[Site "http://www.queenalice.com/game.php?id=859973"]
[Date "2010.11.17"]
[Round "2"]
[White "BEBADO"]
[Black "rdononato"]
[Result "1-0"]
[WhiteElo "2205"]
[BlackElo "1943"]

1. e4 d5 2. exd5 Qxd5 3. Nc3 Qd8 4. d4 Nf6 5. Nf3 Bg4 6. Bf4 c6 7. Bc4 e6 8. Qd3
Be7 9. Ne5 Bf5 10. Qd2 Nbd7 11. f3 h6 12. g4 Bh7 13. O-O-O Nb6 14. Bb3 Nfd5 15.
Nxd5 cxd5 16. Kb1 Rc8 17. Qa5 a6 18. h4 Nc4 19. Qxd8+ Bxd8 20. Bxc4 dxc4 21. g5
h5 22. g6 fxg6 23. Rdg1 1-0